Is it true? Europe Version - Statistics

General Stats
  • This quiz has been taken 13 times
  • The average score is 14 of 20
Answer Stats
Question Answer % Correct
Is Egypt a country in Europe? No
100%
And is Bhutan a country in Europe? No
100%
Are there more than 40+ countries in Europe? Yes
100%
Is Andorra a country in Europe? Yes
100%
Is there more than 150 languages in Europe? Yes
92%
Are these all Nordic countries: Norway Switzerland Finland Sweden Iceland? No
85%
Is there more Countries in Western europe than Eastern Europe? No
77%
Does Europe has 4 main time zones? Yes
77%
Is Volga River the longest river in Europe? Yes
77%
Is Europes GPD bigger than North American GPD? No
69%
Does Europe have the most trees per sqaure killometers/miles? No
69%
Are Europe and Asia on the same tectonic plate? Yes
69%
Is Laponia a part of Finland? Yes
69%
Is Europe The 4th biggest continent in the world? No
62%
There is a Alot of countrys in Europe where you can stand in one place and see 3 Countries at once, Is there over 20 of them? Yes
54%
Is there more than 15 land locked countries in Europe? No
46%
Is the highest mountain in Europe located in the alps? No
46%
Is Europe bigger than 8 Million square kilometers ?(3.09 Million square miles)? Yes
46%
Does Europe have a GDP over 30 trillion? No
38%
is the tallest mountain in Europe bigger than 5000km (3,1 miles) Yes
38%
No matching quizzes found
Score Distribution
Percent of People with Each Score
Percentile by Number Answered
Your Score History
You have not taken this quiz